000 00718nam a22002297a 4500
005 20170124110218.0
010 _aA-148128
020 _c45.00
035 _aA-148128
037 _bCen Lib/Ret
040 _aDPL
_bEN
082 _a484
_bURD
100 _aUrdang, Laurence
_939497
245 _aA basic dictionary of synonyms and antonyms /
_cby Laurence Urdang
246 _b
260 _bVision Books
_aDelhi
_c1983
270 _bDelhi
_e110006
_aMadarsa Road, Kashmere Gate
300 _a397p.
_c18cm(Hb)
650 _aEnglish language -- Synonyms and antonyms -- Juvenile literature
_939498
650 _aEnglish language -- Synonyms and antonyms
_922546
942 _2ddc
_cEN
_h484
_mURD
999 _c133999
_d133999